[Event "Scarborough CC-ch Reserves U1400"]
[Site "Toronto"]
[Date "2012.05.10"]
[Round "8"]
[White "Lu, Leo"]
[Black "Souchko, Larissa"]
[Result "0-1"]
[WhiteElo "918"]
[BlackElo "1053"]
[PlyCount "38"]
[EventDate "2012.03.22"]
[EventType "swiss"]
[EventRounds "9"]
[EventCountry "CAN"]
[SourceTitle "EXT 2022"]
[Source "ChessBase"]
[SourceDate "2021.10.06"]
[SourceVersion "1"]
[SourceVersionDate "2021.10.06"]
[SourceQuality "1"]

1. e4 c5 2. Bc4 d6 3. Nc3 Nc6 4. d3 Nf6 5. Nf3 Bg4 6. Be3 e5 7. h3 Bxf3 8. Qxf3 Be7 9. Nd5 0-0 10. Nxe7+ Qxe7 11. Qg3 Kh8 12. c3 a6 13. 0-0-0 b5 14. Bb3 a5 15. a4 b4 16. Bd5 Qc7 17. c4 Nxd5 18. exd5 Nd4 19. f4 Ne2+ 0-1

[Event "Scarborough CC-ch Reserves U1400"]
[Site "Toronto"]
[Date "2012.04.12"]
[Round "4"]
[White "Lu, Leo"]
[Black "Kaneshalingam, Mathanhe"]
[Result "0-1"]
[WhiteElo "918"]
[BlackElo "1114"]
[PlyCount "54"]
[EventDate "2012.03.22"]
[EventType "swiss"]
[EventRounds "9"]
[EventCountry "CAN"]
[SourceTitle "EXT 2022"]
[Source "ChessBase"]
[SourceDate "2021.10.06"]
[SourceVersion "1"]
[SourceVersionDate "2021.10.06"]
[SourceQuality "1"]

1. e4 c5 2. Nf3 Nc6 3. Nc3 e5 4. Bc4 d6 5. d3 Be7 6. Be3 Nf6 7. Ng5 0-0 8. Nd5 Nxd5 9. Nxh7 Kxh7 10. Qh5+ Kg8 11. Bxd5 Nd4 12. 0-0-0 Rb8 13. h4 b5 14. Bg5 Qc7 15. f4 exf4 16. Rhf1 Bb7 17. Rxf4 Bxd5 18. exd5 g6 19. Qh6 Ne2+ 20. Kd2 Nxf4 21. Re1 Rfe8 22. Bxf4 Qa5+ 23. Kd1 Qxa2 24. h5 Bf8 25. Rxe8 Rxe8 26. Qg5 Qb1+ 27. Kd2 Qe1# 0-1

[Event "Scarborough CC-ch Reserves U1400"]
[Site "Toronto"]
[Date "2012.03.22"]
[Round "1"]
[White "Liang, Hairan"]
[Black "Lu, Leo"]
[Result "1-0"]
[WhiteElo "834"]
[BlackElo "918"]
[PlyCount "59"]
[EventDate "2012.03.22"]
[EventType "swiss"]
[EventRounds "9"]
[EventCountry "CAN"]
[SourceTitle "EXT 2022"]
[Source "ChessBase"]
[SourceDate "2021.10.06"]
[SourceVersion "1"]
[SourceVersionDate "2021.10.06"]
[SourceQuality "1"]

1. e4 e5 2. Nf3 Nf6 3. Nxe5 Qe7 4. Nf3 Nxe4 5. Qe2 Nf6 6. Nc3 Nc6 7. d3 d6 8. Bg5 Bg4 9. Qxe7+ Bxe7 10. h3 h6 11. hxg4 Nb4 12. 0-0-0 0-0 13. Bxf6 Bxf6 14. a3 Nc6 15. Nd5 Bd4 16. Nxd4 Nxd4 17. c3 c6 18. Ne7+ Kh7 19. cxd4 Rfe8 20. Nf5 Rac8 21. Nxd6 Red8 22. Nxc8 Rxc8 23. Kb1 Rd8 24. d5 Rxd5 25. d4 c5 26. Bd3+ g6 27. dxc5 Re5 28. f3 Rxc5 29. f4 f5 30. g5 1-0

[Event "Scarborough CC Winter End U1400"]
[Site "Toronto"]
[Date "2012.03.15"]
[Round "5"]
[White "Guo, Thomas"]
[Black "Lu, Leo"]
[Result "1-0"]
[WhiteElo "1112"]
[BlackElo "911"]
[PlyCount "29"]
[EventDate "2012.02.16"]
[EventType "swiss"]
[EventRounds "5"]
[EventCountry "CAN"]
[SourceTitle "EXT 2022"]
[Source "ChessBase"]
[SourceDate "2021.10.06"]
[SourceVersion "1"]
[SourceVersionDate "2021.10.06"]
[SourceQuality "1"]

1. e4 e5 2. Nf3 Nc6 3. Bb5 Qe7 4. Nc3 Nf6 5. d4 exd4 6. Nxd4 Nxe4 7. 0-0 Qd6 8. Nxe4 Nxd4 9. Nxd6+ Bxd6 10. Qxd4 0-0 11. Re1 a6 12. Bc4 c5 13. Qxd6 b5 14. Bxf7+ Rxf7 15. Re8+ 1-0

[Event "Scarborough CC Winter End U1400"]
[Site "Toronto"]
[Date "2012.03.01"]
[Round "3"]
[White "Lu, Leo"]
[Black "Pulogarajah, Kaarthic"]
[Result "0-1"]
[WhiteElo "911"]
[BlackElo "1015"]
[PlyCount "110"]
[EventDate "2012.02.16"]
[EventType "swiss"]
[EventRounds "5"]
[EventCountry "CAN"]
[SourceTitle "EXT 2022"]
[Source "ChessBase"]
[SourceDate "2021.10.06"]
[SourceVersion "1"]
[SourceVersionDate "2021.10.06"]
[SourceQuality "1"]

1. e4 e5 2. Nf3 Nc6 3. Bc4 Nf6 4. Nc3 a6 5. d4 d5 6. exd5 exd4 7. dxc6 dxc3 8. Qxd8+ Kxd8 9. Ne5 Ke7 10. bxc3 Be6 11. Ba3+ Ke8 12. cxb7 Rb8 13. Bxa6 Bxa3 14. Nc6 Nd7 15. Rd1 Bxa2 16. Nxb8 Nxb8 17. Bb5+ c6 18. Ra1 cxb5 19. Rxa2 Bd6 20. 0-0 Kd7 21. Ra7 Bc5 22. Ra5 Kc6 23. Rb1 Re8 24. Kf1 Bb6 25. Raxb5 Nd7 26. c4 Kxb7 27. c5 Re6 28. cxb6 Rxb6 29. Rxb6+ Nxb6 30. Re1 Nd5 31. Rb1+ Kc6 32. Ke2 f5 33. g3 Nc3+ 34. Ke3 Nxb1 35. Kf4 g6 36. Kg5 Nd2 37. Kh6 Nf3 38. h3 g5 39. g4 fxg4 40. hxg4 Kd5 41. Kxh7 Ke4 42. Kg6 Kf4 43. Kh5 Nh4 44. c4 Nf3 45. c5 Ne5 46. Kh6 Nxg4+ 47. Kg6 Ne5+ 48. Kg7 g4 49. Kh6 Kf3 50. Kg5 Kxf2 51. Kf5 g3 52. Kxe5 g2 53. c6 g1Q 54. Kd4 Qg5 55. Kd3 Qc5 0-1

[Event "Scarborough CC Frost U1400"]
[Site "Toronto"]
[Date "2012.01.26"]
[Round "4"]
[White "Lu, Leo"]
[Black "Jimenez, Michael"]
[Result "0-1"]
[WhiteElo "945"]
[BlackElo "891"]
[PlyCount "62"]
[EventDate "2012.01.05"]
[EventType "swiss"]
[EventRounds "6"]
[EventCountry "CAN"]
[SourceTitle "EXT 2022"]
[Source "ChessBase"]
[SourceDate "2021.10.06"]
[SourceVersion "1"]
[SourceVersionDate "2021.10.06"]
[SourceQuality "1"]

1. e4 e5 2. Nf3 Nc6 3. Bc4 Nf6 4. Nc3 d6 5. d3 Bg4 6. h3 Bh5 7. g4 Bg6 8. d4 Be7 9. h4 0-0 10. h5 Bxe4 11. Nxe4 Nxe4 12. h6 g6 13. Qd3 d5 14. Nxe5 Nb4 15. Qe2 Bg5 16. c3 Nc6 17. f4 Bh4+ 18. Kd1 Ng3 19. Qg2 Nxh1 20. f5 Nf2+ 21. Ke2 dxc4 22. Nxc4 Re8+ 23. Kf1 b5 24. g5 bxc4 25. fxg6 Qe7 26. gxh7+ Kh8 27. Bf4 Qe2+ 28. Kg1 Re4 29. g6 Rxf4 30. Qxc6 Qg4+ 31. Kf1 Nd3+ 0-1

[Event "Scarborough CC Frost U1400"]
[Site "Toronto"]
[Date "2012.01.12"]
[Round "2"]
[White "Lu, Leo"]
[Black "Pakerathan, Thurvan"]
[Result "1-0"]
[WhiteElo "945"]
[BlackElo "867"]
[PlyCount "91"]
[EventDate "2012.01.05"]
[EventType "swiss"]
[EventRounds "6"]
[EventCountry "CAN"]
[SourceTitle "EXT 2022"]
[Source "ChessBase"]
[SourceDate "2021.10.06"]
[SourceVersion "1"]
[SourceVersionDate "2021.10.06"]
[SourceQuality "1"]

1. e4 e5 2. Nf3 Nc6 3. Bc4 Nf6 4. d3 d5 5. exd5 Nxd5 6. 0-0 Bc5 7. Re1 f6 8. d4 Bb4 9. c3 Ba5 10. dxe5 Nce7 11. exf6 gxf6 12. Nh4 Nb6 13. Qh5+ Kd7 14. Rd1+ Kc6 15. Rxd8 Rxd8 16. Bf1 Rd5 17. Qe8+ Kd6 18. Bf4+ Ke6 19. c4 Rd1 20. Qh5 Re1 21. Bd2 Bxd2 22. Nf3 Re4 23. Nbxd2 Rf4 24. Re1+ Kd6 25. Qh6 Rf5 26. Ne4+ Kd7 27. Rd1+ Ke6 28. Ng3 Ra5 29. Re1+ Kd7 30. Rd1+ Ke8 31. Qh5+ Ng6 32. Re1+ Kd8 33. Qxa5 Bg4 34. c5 Nc4 35. Bxc4 b6 36. cxb6 cxb6 37. Qd5+ Bd7 38. Qxa8+ Bc8 39. Rd1+ Kc7 40. Qxa7+ Bb7 41. Qa4 Bc6 42. Bb5 Bxb5 43. Qxb5 Nf4 44. Qd7+ Kb8 45. Rc1 Ka8 46. Rc8# 1-0

[Event "Scarborough CC Frost U1400"]
[Site "Toronto"]
[Date "2012.01.05"]
[Round "1"]
[White "Nasirov, Ildar"]
[Black "Lu, Leo"]
[Result "1-0"]
[WhiteElo "1191"]
[BlackElo "945"]
[PlyCount "65"]
[EventDate "2012.01.05"]
[EventType "swiss"]
[EventRounds "6"]
[EventCountry "CAN"]
[SourceTitle "EXT 2022"]
[Source "ChessBase"]
[SourceDate "2021.10.06"]
[SourceVersion "1"]
[SourceVersionDate "2021.10.06"]
[SourceQuality "1"]

1. e4 e5 2. Nf3 Nc6 3. Bb5 Qe7 4. Bxc6 dxc6 5. 0-0 Bd7 6. b3 Qf6 7. d3 Qg6 8. Nh4 Qf6 9. Nc3 Qxh4 10. h3 Bb4 11. Na4 c5 12. a3 Ba5 13. Nxc5 Nf6 14. b4 Bb6 15. d4 Bb5 16. Re1 0-0-0 17. d5 c6 18. Qf3 cxd5 19. Qf5+ Kc7 20. Qxe5+ Kc6 21. exd5+ Rxd5 22. Qe7 Re8 23. Qxb7+ Kd6 24. Rxe8 Nxe8 25. Qb8+ Kc6 26. Qxe8+ Kc7 27. Qxb5 Rd1+ 28. Kh2 Qe7 29. Bf4+ Kd8 30. Rxd1+ Kc8 31. Nb7 Qxb7 32. Qe8+ Bd8 33. Rxd8# 1-0

[Event "Scarborough CC Howard Ridout U1800"]
[Site "Toronto"]
[Date "2011.09.29"]
[Round "3"]
[White "Lu, Leo"]
[Black "Roy, Lawrence"]
[Result "1/2-1/2"]
[WhiteElo "989"]
[BlackElo "1038"]
[PlyCount "68"]
[EventDate "2011.09.08"]
[EventType "swiss"]
[EventRounds "6"]
[EventCountry "CAN"]
[SourceTitle "EXT 2022"]
[Source "ChessBase"]
[SourceDate "2021.10.06"]
[SourceVersion "1"]
[SourceVersionDate "2021.10.06"]
[SourceQuality "1"]

1. e4 e5 2. Nf3 Nf6 3. d3 Nc6 4. Nc3 Be7 5. Be3 d6 6. Be2 0-0 7. 0-0 Re8 8. Re1 Bd7 9. d4 exd4 10. Bxd4 Nxd4 11. Nxd4 c6 12. b4 d5 13. e5 Ne4 14. Nxe4 dxe4 15. Nb3 Bxb4 16. Rf1 Rxe5 17. Qd4 Re8 18. Qxb4 h6 19. Rfd1 Qc7 20. Nc5 Rad8 21. Rd2 Re5 22. Rad1 Re7 23. Nb3 Re5 24. Bg4 f5 25. Bh5 e3 26. Re2 exf2+ 27. Kf1 Rxe2 28. Bxe2 Qxh2 29. Kxf2 Qc7 30. Qh4 Qb6+ 31. Kf1 Kf8 32. Qf4 a5 33. c4 c5 34. Rd6 Qc7 1/2-1/2

[Event "Scarborough CC Howard Ridout U1800"]
[Site "Toronto"]
[Date "2011.09.15"]
[Round "2"]
[White "Super, Russell"]
[Black "Lu, Leo"]
[Result "1-0"]
[WhiteElo "1384"]
[BlackElo "989"]
[PlyCount "35"]
[EventDate "2011.09.08"]
[EventType "swiss"]
[EventRounds "6"]
[EventCountry "CAN"]
[SourceTitle "EXT 2022"]
[Source "ChessBase"]
[SourceDate "2021.10.06"]
[SourceVersion "1"]
[SourceVersionDate "2021.10.06"]
[SourceQuality "1"]

1. e4 e5 2. Nf3 Nf6 3. Nxe5 Nxe4 4. Qe2 f5 5. d3 Nc5 6. Nc6+ Be7 7. Nxd8 Kxd8 8. Qe5 d6 9. Qxg7 Re8 10. Be2 h5 11. Bg5 Ne6 12. Bxe7+ Rxe7 13. Qh6 Nd4 14. Qh8+ Re8 15. Qxd4 Nc6 16. Qh4+ Kd7 17. Nc3 Nd4 18. Qxd4 1-0